Патенты о производстве в чины Михаила Петровича фон Кауфмана и извещения о служебных поручениях; письмо его Петру Семеновичу Ван...

Доступно только в Электронных читальных залах Найти на картеНа карте
RUSMARC
00003735nmc2a22002413x 450
001407fb3c8-3faa-4cdb-84c3-b13a2d0b642e
00520230904143347.0
100##$a20220927l18541872k l0rusy0189 ca
1010#$arus
102##$aRU
105##$aa###
1222#$ad
2001#$aПатенты о производстве в чины Михаила Петровича фон Кауфмана и извещения о служебных поручениях; письмо его Петру Семеновичу Ванковскому об отчислении от должности заведующего Главным инженерным управлением
$j1854-1872 гг.
215##$a10 л.
$cил.
$d74,5х60 см
251##$cДело
300##$aМихаил Петрович фон Кауфман (1821-1902 годы). Личные документы
371##$aДокумент не является опубликованным и широко распространяемым
461#0$100190e07281-0192-43e2-b84a-6d6cf747817c
$12001
$aФон Кауфманы и фон Кауфманы Туркестанские
$1251
$cФонд
$1852
$j954
462#0$1001ff04dd05-f76b-4284-9957-af4e9e6c0442
$12001
$aМатериалы к истории рода Kауфманов; личные и служебные документы К.П., М.П., П.М. Кауфмана
$1251
$cОпись
$1852
$j1
801#0$aRU
$bРГИА
$c20220927
$gRCR
801#1$aRU
$bГлавНИВЦ
$c20220927
$2rusmarc
801#2$aRU
$bПБ им. Б.Н. Ельцина
$c20230904
$gRCR
$2rusmarc
850##$aРГИА
852##$aРГИА
$eФедеральное казенное учреждение "Российский государственный исторический архив" (РГИА)
$j151
937##$hРГИА
$d12390545
$aASBIBLIO_SCAN
035##$aRusGRCC00059323
856##$uhttp://readingroom.main.prlib.ru/item.aspx?id_node=n187340870&mode=full
Формат отображения